000 00248 a2200097 4500
001 38215
100 _aAllana G
245 _aOur freedom fighters ; twenty-one great lives(1562-1947)
260 _aLahore
_bFerozsons
_c1991
090 _c24273
_d24273
942 _aNUST-CAE
_cM
_c15862
999 _c273288
_d273288